000 00547nam a22001937a 4500
005 20251007130600.0
008 251007b |||||||| |||| 00| 0 eng d
020 _a0-314-04450-7
050 _aBF121.66 1995
_bC.1
100 _aCOON DENNIS
245 _aINTRODUCTION TO PSYCHOLOGY
250 _a7 EDITION
260 _aWest Pub. Co., Minneapolis/St. PauL
_bMinneapolis/St. Paul
_c1995
300 _a729
500 _aincludes glossary, reference and index
650 _a Psychology--Textbooks
700 _aCOON DENNIS
942 _2lcc
_cBK
999 _c216135
_d216135